Los fundamentos de la dislexia escolar

Wedi'i Gadw mewn:
Manylion Llyfryddiaeth
Prif Awdur: Giordano, Luis Héctor (Awdur)
Fformat: Llyfr
Iaith:Sbaeneg
Cyhoeddwyd: Buenos Aires El Ateneo 1978
Rhifyn:2a. ed
Pynciau:
Tagiau: Ychwanegu Tag
Dim Tagiau, Byddwch y cyntaf i dagio'r cofnod hwn!

MARC

LEADER 00000nam a2200000 a 4500
001 UCY8863
003 CL-VaPUC
008 950707e19780000AG |||||||||||||||||spa|d
082 0 4 |a 371.914  |b GIO  |2 21 
100 0 |a Giordano, Luis Héctor  |e author  |9 340593 
245 1 4 |a Los fundamentos de la dislexia escolar 
250 |a 2a. ed 
300 |a 324 p 
942 |c BK 
945 |d 19950707 00:00:00  |a mfernand 
260 |a Buenos Aires  |b El Ateneo  |c 1978 
650 0 |a Educación especial  |9 307486 
650 0 |a Dislexia  |9 307487 
650 7 |a DISLEXICOS  |2 CL-VaPUC  |9 340594 
583 |a last modification  |c 19950707 00:00:00  |k Rodrigo Vera 
999 |c 236045  |d 236043 
952 |0 0  |1 0  |4 0  |6 371_914000000000000_GIO_1978  |7 0  |8 P  |9 243862  |a BIBEDU  |b BIBEDU  |c BIBEDU_PB  |d 2019-11-18  |i 1530305  |o 371.914 GIO 1978  |p 1530305  |r 2024-01-25  |w 2019-11-18  |y BK  |k EDU